00325nam a2200121Ia 4500008004100000041000800041082001400049100002100063245004500084260003500129300003200164365000700196240624s9999 xx 000 0 und d aeng a658.5 KRI aKRISHNASWAMY K N aCASES IN PRODUCTION AND OPERATIONS MANAG c2002aNew DelhibPrentice-Hall aviii, : 294 : p. : cm. ; 24 cRS